000 00309nam a22001337a 4500
008 170505b xxu||||| |||| 00| 0 eng d
020 _a9780761901891
041 _aeng
080 _a341
100 _a15
101 _aSHJ
245 _aINTERNATIONAL LAW AND ORGANIZATION
_cDERVORT, TH.R.V
942 _2udc
_cBK
999 _c12734
_d12734